[Event "Madrid 2023-2024ch - Previa A"]
[Site "Madrid ESP"]
[Date "2024.02.06"]
[Round "1.1"]
[White "Lozano Arribas, Carlos"]
[Black "Martin-Consuegra Barrilero, Javi"]
[Result "1/2-1/2"]
[WhiteElo "1975"]
[BlackElo "1673"]
[PlyCount "38"]
[EventDate "2024.02.05"]
[EventType "swiss"]
[EventRounds "9"]
[EventCountry "ESP"]
[SourceTitle "Ajedrez en Madrid"]
[Source "lmi"]
[SourceDate "2024.02.06"]
[SourceVersion "1"]
[SourceVersionDate "2024.03.02"]
[SourceQuality "1"]

1. Nf3 Nf6 2. c4 d6 3. d4 c6 4. Nc3 Bg4 5. e4 Nbd7 6. Be2 e5 7. Be3 Be7 8. dxe5
dxe5 9. O-O O-O 10. h3 Bh5 11. Qc2 Qc7 12. Rfd1 Rfd8 13. a3 Bc5 14. b4 Bxe3 15.
fxe3 Nf8 16. Nh4 Bxe2 17. Qxe2 g6 18. c5 Rxd1+ 19. Rxd1 Rd8 1/2-1/2

[Event "Madrid 2023-2024ch - Previa A"]
[Site "Madrid ESP"]
[Date "2024.02.06"]
[Round "1.2"]
[White "Aldea Moreno, Marina"]
[Black "Martin Rodriguez, Emilio"]
[Result "1/2-1/2"]
[WhiteElo "1663"]
[BlackElo "1964"]
[PlyCount "152"]
[EventDate "2024.02.05"]
[EventType "swiss"]
[EventRounds "9"]
[EventCountry "ESP"]
[SourceTitle "Ajedrez en Madrid"]
[Source "lmi"]
[SourceDate "2024.02.06"]
[SourceVersion "1"]
[SourceVersionDate "2024.03.02"]
[SourceQuality "1"]

1. e4 c6 2. d4 d5 3. e5 c5 4. c3 Nc6 5. Nf3 cxd4 6. cxd4 Bg4 7. Nc3 e6 8. Be3
Nge7 9. Rc1 Nf5 10. Bb5 Bxf3 11. Qxf3 Rc8 12. O-O Be7 13. Ne2 O-O 14. Bd3 Nxe3
15. fxe3 Bg5 16. Nf4 Bxf4 17. Qxf4 Qe7 18. Qg4 h6 19. Rce1 Qg5 20. Qxg5 hxg5
21. Rc1 f6 22. exf6 gxf6 23. Kf2 Kf7 24. Ke2 Ne7 25. Rc3 Rxc3 26. bxc3 Rc8 27.
Rc1 b6 28. Kd2 Rc7 29. c4 Nc8 30. cxd5 Rxc1 31. dxe6+ Kxe6 32. Kxc1 Ne7 33. Kd2
Kd6 34. e4 Nc6 35. Kc3 Na5 36. g3 Nc6 37. h4 gxh4 38. gxh4 Ne7 39. h5 Ng8 40.
Bc4 Nh6 41. Kb4 Kc6 42. Bd5+ Kd6 43. Bb7 Kc7 44. Ba6 Kc6 45. a4 Kd6 46. Bd3 Kc6
47. a5 Nf7 48. axb6 axb6 49. Bb5+ Kd6 50. Be8 Nh6 51. Bg6 Kc6 52. Be8+ Kd6 53.
Bg6 Kc6 54. Bf5 Nf7 55. Bg6 Nh6 56. d5+ Kd6 57. Kc4 Ng4 58. Bf5 Nh6 59. Kb4 Nf7
60. Kb5 Kc7 61. Bg6 Nh6 62. Be8 Ng4 63. Kc4 Kd6 64. Kd4 Nh6 65. Ke3 Ke5 66. Bd7
Nf7 67. Kf3 Ng5+ 68. Ke3 Nxe4 69. h6 Ng5 70. Bc6 f5 71. Kf2 f4 72. Ke2 Nh7 73.
Kf3 Ng5+ 74. Ke2 Kd6 75. Kf2 Ke5 76. Ke2 Kd6 1/2-1/2

[Event "Madrid 2023-2024ch - Previa A"]
[Site "Madrid ESP"]
[Date "2024.02.06"]
[Round "1.3"]
[White "Vazquez Gonzalez, Jesus"]
[Black "Perez Hernandez, Alfonso"]
[Result "1-0"]
[WhiteElo "1945"]
[BlackElo "1658"]
[PlyCount "71"]
[EventDate "2024.02.05"]
[EventType "swiss"]
[EventRounds "9"]
[EventCountry "ESP"]
[SourceTitle "Ajedrez en Madrid"]
[Source "lmi"]
[SourceDate "2024.02.06"]
[SourceVersion "1"]
[SourceVersionDate "2024.03.02"]
[SourceQuality "1"]

1. e4 c5 2. Bd3 Nc6 3. c3 g6 4. Nf3 Bg7 5. Bc2 e5 6. O-O Nge7 7. d3 d6 8. Be3
h6 9. a4 a6 10. h3 Rb8 11. d4 cxd4 12. cxd4 exd4 13. Nxd4 O-O 14. Nc3 Kh7 15.
Qd2 Na5 16. b3 Bd7 17. Nd5 Nac6 18. Rad1 Nxd5 19. Nxc6 bxc6 20. exd5 c5 21. Bf4
Qf6 22. g4 Rb4 23. Bg3 Rfb8 24. Rfe1 c4 25. bxc4 Rxc4 26. Rb1 Rbc8 27. Bb3 Rd4
28. Qa5 h5 29. Qxa6 h4 30. Bh2 Rc3 31. Qxd6 Qf3 32. Qxd7 Qxh3 33. Bd1 Rg3+ 34.
fxg3 hxg3 35. Re2 gxh2+ 36. Rxh2 1-0

[Event "Madrid 2023-2024ch - Previa A"]
[Site "Madrid ESP"]
[Date "2024.02.06"]
[Round "1.4"]
[White "De Luna Butz, Alberto"]
[Black "Blazquez Sanz, Oscar"]
[Result "1/2-1/2"]
[WhiteElo "1647"]
[BlackElo "1924"]
[PlyCount "115"]
[EventDate "2024.02.05"]
[EventType "swiss"]
[EventRounds "9"]
[EventCountry "ESP"]
[SourceTitle "Ajedrez en Madrid"]
[Source "lmi"]
[SourceDate "2024.02.06"]
[SourceVersion "1"]
[SourceVersionDate "2024.03.02"]
[SourceQuality "1"]

1. d4 Nf6 2. Bg5 e6 3. e4 Be7 4. Nd2 d5 5. e5 Nfd7 6. Bxe7 Qxe7 7. c3 c5 8.
Ngf3 Nc6 9. Bd3 O-O 10. O-O f6 11. Re1 c4 12. Bc2 b5 13. b3 Rb8 14. a4 fxe5 15.
Nxe5 Ncxe5 16. dxe5 cxb3 17. Nxb3 bxa4 18. Rxa4 Nc5 19. Nxc5 Qxc5 20. Qd4 Qxd4
21. cxd4 Rb2 22. Re2 Bd7 23. Ra1 g6 24. Bd3 Rxe2 25. Bxe2 Ra8 26. Ra5 Kf7 27.
h4 Ke7 28. Bg4 a6 29. Be2 Bc8 30. g4 Kd8 31. f4 Kc7 32. g5 Kb6 33. Ra3 Bd7 34.
Bd3 Bb5 35. Rb3 Rf8 36. h5 Rxf4 37. hxg6 hxg6 38. Bxg6 Rg4+ 39. Kh2 Rxg5 40.
Bf7 Rg4 41. Bxe6 Rxd4 42. Bf7 Kc7 43. Rc3+ Rc4 44. Re3 Re4 45. Rxe4 dxe4 46.
Kg3 a5 47. Kf4 Bc6 48. Bb3 Kb6 49. e6 Kc7 50. Ba4 Bxa4 51. Kxe4 Kb6 52. Kd4 Kb5
53. Kc3 Kc5 54. Kb2 Kb4 55. e7 Bd7 56. Ka2 Be6+ 57. Kb2 Bf7 58. Ka1 1/2-1/2

[Event "Madrid 2023-2024ch - Previa A"]
[Site "Madrid ESP"]
[Date "2024.02.06"]
[Round "1.5"]
[White "Lopez de Turiso Sanchez, Jose An"]
[Black "Cujba, Anca-Claudia"]
[Result "1-0"]
[WhiteElo "1915"]
[BlackElo "1633"]
[PlyCount "55"]
[EventDate "2024.02.05"]
[EventType "swiss"]
[EventRounds "9"]
[EventCountry "ESP"]
[SourceTitle "Ajedrez en Madrid"]
[Source "lmi"]
[SourceDate "2024.02.06"]
[SourceVersion "1"]
[SourceVersionDate "2024.03.02"]
[SourceQuality "1"]

1. e4 g6 2. g3 Bg7 3. Bg2 d6 4. c4 c5 5. Nc3 Nc6 6. Nge2 Bg4 7. h3 Bd7 8. O-O
Nf6 9. a3 O-O 10. Rb1 Qc8 11. Kh2 Ne5 12. d3 h6 13. b4 Nh7 14. Be3 f5 15. f4
Nf7 16. exf5 Bxf5 17. bxc5 Rb8 18. cxd6 exd6 19. Bxa7 g5 20. Bxb8 Qxb8 21. Rxb7
Qc8 22. Nd5 Qc5 23. Ne7+ Kh8 24. Rb5 Qxa3 25. Nxf5 gxf4 26. Nxf4 Re8 27. Ng6+
Kg8 28. Nfe7+ 1-0

[Event "Madrid 2023-2024ch - Previa A"]
[Site "Madrid ESP"]
[Date "2024.02.06"]
[Round "1.6"]
[White "Sanchez Arriola, Ignacio"]
[Black "Cabanas Bravo, Juan Andres"]
[Result "1/2-1/2"]
[WhiteElo "1626"]
[BlackElo "1906"]
[PlyCount "87"]
[EventDate "2024.02.05"]
[EventType "swiss"]
[EventRounds "9"]
[EventCountry "ESP"]
[SourceTitle "Ajedrez en Madrid"]
[Source "lmi"]
[SourceDate "2024.02.06"]
[SourceVersion "1"]
[SourceVersionDate "2024.03.02"]
[SourceQuality "1"]

1. d4 Nf6 2. c4 e5 3. dxe5 Ng4 4. Nf3 Bc5 5. e3 Nc6 6. b3 O-O 7. Bb2 Re8 8. Be2
a5 9. a3 Ngxe5 10. Nbd2 Ba7 11. O-O Qe7 12. Re1 Ng4 13. Bd3 Nce5 14. Nxe5 Nxe5
15. Bc2 d6 16. Bxe5 Qxe5 17. Nf3 Qh5 18. Nd4 Bg4 19. Qd3 Re5 20. Bd1 Bxd1 21.
Raxd1 Rae8 22. b4 axb4 23. axb4 Qg4 24. h3 Qe4 25. Nf3 Qxd3 26. Rxd3 Re4 27.
Nd2 Rh4 28. Kh2 Kf8 29. g3 Rh5 30. Rc1 Re6 31. Kg2 Reh6 32. h4 g5 33. Nf3 gxh4
34. Nxh4 Bb6 35. Rcd1 Re6 36. Nf3 Ke7 37. Rd5 Rxd5 38. Rxd5 Re4 39. Nd2 Re5 40.
Rxe5+ dxe5 41. c5 Ba7 42. Nc4 Ke6 43. e4 f6 44. Kf3 1/2-1/2

[Event "Madrid 2023-2024ch - Previa A"]
[Site "Madrid ESP"]
[Date "2024.02.06"]
[Round "1.7"]
[White "Martin Martin, Luis Vicente"]
[Black "Fernandez Rios, Jose Francisco"]
[Result "1-0"]
[WhiteElo "1884"]
[BlackElo "1622"]
[PlyCount "83"]
[EventDate "2024.02.05"]
[EventType "swiss"]
[EventRounds "9"]
[EventCountry "ESP"]
[SourceTitle "Ajedrez en Madrid"]
[Source "lmi"]
[SourceDate "2024.02.06"]
[SourceVersion "1"]
[SourceVersionDate "2024.03.02"]
[SourceQuality "1"]

1. e4 c5 2. Nf3 g6 3. d4 cxd4 4. Nxd4 Bg7 5. Nc3 Nc6 6. Nb3 Nf6 7. Be2 O-O 8.
O-O d6 9. Bg5 a5 10. a4 Nb4 11. Kh1 b6 12. f4 Bb7 13. Bf3 Rc8 14. Nd4 Nd7 15.
Rf2 Rc4 16. Ndb5 Ba6 17. Nxd6 Rd4 18. Rd2 Rxd2 19. Qxd2 f6 20. Ndb5 fxg5 21.
Rd1 gxf4 22. Bg4 Kh8 23. Bxd7 Bc8 24. Bxc8 Qxd2 25. Rxd2 Rxc8 26. Kg1 Kg8 27.
Kf2 Kf7 28. Kf3 g5 29. Nd5 Rxc2 30. Rxc2 Nxc2 31. Nxb6 Bxb2 32. Nc4 Nd4+ 33.
Nxd4 Bxd4 34. Nxa5 h5 35. Nc6 Bg1 36. h3 g4+ 37. Kxf4 Ke6 38. Kg5 Kd6 39. Nd8
Ke5 40. Kxh5 g3 41. Kg4 Bf2 42. Kf3 1-0

[Event "Madrid 2023-2024ch - Previa A"]
[Site "Madrid ESP"]
[Date "2024.02.06"]
[Round "1.8"]
[White "Guardiola Sevilla, Antonio"]
[Black "Moreno Torrero, Javier"]
[Result "1-0"]
[WhiteElo "1607"]
[BlackElo "1879"]
[PlyCount "47"]
[EventDate "2024.02.05"]
[EventType "swiss"]
[EventRounds "9"]
[EventCountry "ESP"]
[SourceTitle "Ajedrez en Madrid"]
[Source "lmi"]
[SourceDate "2024.02.06"]
[SourceVersion "1"]
[SourceVersionDate "2024.03.02"]
[SourceQuality "1"]

1. e4 c5 2. Nf3 d6 3. d4 cxd4 4. Nxd4 Nf6 5. Nc3 a6 6. Be3 e5 7. Nb3 Be7 8. Be2
Be6 9. O-O Nbd7 10. f4 Qc7 11. Rc1 Nb6 12. Nd2 d5 13. fxe5 Nxe4 14. Ncxe4 dxe4
15. Nxe4 Nc4 16. Bxc4 Bxc4 17. Nd6+ Bxd6 18. exd6 Qc6 19. Rf4 O-O-O 20. Rd4
Rhe8 21. Qg4+ Be6 22. Qg3 Bd5 23. Rcd1 Rd7 24. Rxd5 1-0

[Event "Madrid 2023-2024ch - Previa A"]
[Site "Madrid ESP"]
[Date "2024.02.06"]
[Round "1.9"]
[White "Alvarez Abejon, Amilcar"]
[Black "Martinez Pintor, Juan"]
[Result "1/2-1/2"]
[WhiteElo "1874"]
[BlackElo "1566"]
[PlyCount "76"]
[EventDate "2024.02.05"]
[EventType "swiss"]
[EventRounds "9"]
[EventCountry "ESP"]
[SourceTitle "Ajedrez en Madrid"]
[Source "lmi"]
[SourceDate "2024.02.06"]
[SourceVersion "1"]
[SourceVersionDate "2024.03.02"]
[SourceQuality "1"]

1. c4 c6 2. e4 d5 3. exd5 cxd5 4. d4 Nf6 5. Nc3 e6 6. Nf3 Nc6 7. cxd5 exd5 8.
Bb5 Bd6 9. Bg5 Be6 10. Ne5 Rc8 11. O-O O-O 12. Re1 Be7 13. Rc1 Qb6 14. Bxc6
bxc6 15. Qd2 Qa5 16. Nd7 Rfe8 17. Nxf6+ Bxf6 18. Bxf6 gxf6 19. Qh6 Qd8 20. Re3
Kh8 21. Ne2 Rg8 22. Nf4 Bf5 23. Rcc3 Be4 24. Rg3 Qd6 25. Rxg8+ Rxg8 26. Rg3 Bg6
27. h4 Qf8 28. Nxg6+ fxg6 29. Rxg6 Qxh6 30. Rxh6 Kg7 31. Rh5 Kg6 32. g4 Re8 33.
Rf5 Re4 34. h5+ Kg7 35. f4 Rxd4 36. g5 fxg5 37. fxg5 Rd2 38. Rf6 c5 1/2-1/2

[Event "Madrid 2023-2024ch - Previa A"]
[Site "Madrid ESP"]
[Date "2024.02.06"]
[Round "1.10"]
[White "Perez Suchan, Saul Mario"]
[Black "Marin Aso, Jose Luis"]
[Result "0-1"]
[WhiteElo "1561"]
[BlackElo "1859"]
[PlyCount "60"]
[EventDate "2024.02.05"]
[EventType "swiss"]
[EventRounds "9"]
[EventCountry "ESP"]
[SourceTitle "Ajedrez en Madrid"]
[Source "lmi"]
[SourceDate "2024.02.06"]
[SourceVersion "1"]
[SourceVersionDate "2024.03.02"]
[SourceQuality "1"]

1. g3 Nf6 2. Bg2 g6 3. d3 Bg7 4. e4 d6 5. Ne2 e5 6. a4 O-O 7. b4 Nc6 8. b5 Ne7
9. c4 Nh5 10. O-O f5 11. f3 c6 12. a5 cxb5 13. cxb5 Be6 14. Ra4 d5 15. Qb3 Qd7
16. Qb4 fxe4 17. dxe4 dxe4 18. Ba3 Rf7 19. fxe4 Rd8 20. Nbc3 Bh6 21. Rxf7 Kxf7
22. Qb1 Be3+ 23. Kh1 Qd2 24. Qf1+ Nf6 25. Bc1 Qd3 26. Bxe3 Qxe3 27. Nd5 Nexd5
28. exd5 Bxd5 29. Bxd5+ Rxd5 30. Re4 Qxe4+ 0-1

[Event "Madrid 2023-2024ch - Previa A"]
[Site "Madrid ESP"]
[Date "2024.02.06"]
[Round "1.11"]
[White "Moya Barba, Diego"]
[Black "Diaz Ramirez, Jaime"]
[Result "1-0"]
[WhiteElo "1844"]
[BlackElo "1548"]
[PlyCount "37"]
[EventDate "2024.02.05"]
[EventType "swiss"]
[EventRounds "9"]
[EventCountry "ESP"]
[SourceTitle "Ajedrez en Madrid"]
[Source "lmi"]
[SourceDate "2024.02.06"]
[SourceVersion "1"]
[SourceVersionDate "2024.03.02"]
[SourceQuality "1"]

1. d4 d5 2. c4 Nf6 3. cxd5 Nxd5 4. e4 Nb6 5. Nc3 e6 6. a3 Be7 7. Be3 Nc6 8. Nf3
Na5 9. Bd3 O-O 10. b3 Bf6 11. h4 Re8 12. e5 Be7 13. Bxh7+ Kxh7 14. Ng5+ Bxg5
15. hxg5+ Kg8 16. Qh5 Kf8 17. g6 f6 18. Qh8+ Ke7 19. Qxg7# 1-0

[Event "Madrid 2023-2024ch - Previa A"]
[Site "Madrid ESP"]
[Date "2024.02.06"]
[Round "1.12"]
[White "Ramos Antona, Enrique"]
[Black "Ruiz Bellon, Manuel"]
[Result "0-1"]
[WhiteElo "1548"]
[BlackElo "1843"]
[PlyCount "70"]
[EventDate "2024.02.05"]
[EventType "swiss"]
[EventRounds "9"]
[EventCountry "ESP"]
[SourceTitle "Ajedrez en Madrid"]
[Source "lmi"]
[SourceDate "2024.02.06"]
[SourceVersion "1"]
[SourceVersionDate "2024.03.02"]
[SourceQuality "1"]

1. Nf3 g6 2. g3 Bg7 3. Bg2 f5 4. Nc3 Nf6 5. b3 d6 6. Bb2 e5 7. d3 O-O 8. O-O c6
9. e3 a5 10. Ne2 Na6 11. c4 Qe7 12. Nd2 Nb4 13. Qb1 Bd7 14. a3 Na6 15. Qc2 g5
16. Rae1 Rac8 17. Qb1 h6 18. f4 Ng4 19. Nc3 Qf7 20. h3 Nf6 21. fxe5 dxe5 22.
Nf3 Nh5 23. Kh2 Rce8 24. Ne2 Qg6 25. d4 e4 26. Ne5 Qe6 27. Nxd7 Qxd7 28. Rd1 f4
29. Bxe4 fxg3+ 30. Nxg3 Qd6 31. Rxf8+ Rxf8 32. Rg1 Rf2+ 33. Kh1 Nxg3+ 34. Rxg3
Qxg3 35. Qg1 Qxh3+ 0-1

[Event "Madrid 2023-2024ch - Previa A"]
[Site "Madrid ESP"]
[Date "2024.02.06"]
[Round "1.13"]
[White "Rodriguez Del Pino, Daniel"]
[Black "Villodre Miranda, Juan Alonso"]
[Result "1-0"]
[WhiteElo "1841"]
[BlackElo "1541"]
[PlyCount "93"]
[EventDate "2024.02.05"]
[EventType "swiss"]
[EventRounds "9"]
[EventCountry "ESP"]
[SourceTitle "Ajedrez en Madrid"]
[Source "lmi"]
[SourceDate "2024.02.06"]
[SourceVersion "1"]
[SourceVersionDate "2024.03.02"]
[SourceQuality "1"]

1. e4 g6 2. d4 Bg7 3. Nf3 c6 4. c4 e6 5. Nc3 d5 6. cxd5 exd5 7. e5 h6 8. Bd3
Ne7 9. O-O O-O 10. Be3 Bf5 11. Ne1 Bxd3 12. Nxd3 Nf5 13. Qd2 Nxe3 14. fxe3 Na6
15. Rf3 Nc7 16. Raf1 Ne6 17. Nf4 Qe7 18. Qd3 Nxf4 19. exf4 f5 20. Rg3 Kh7 21.
Nd1 c5 22. Ne3 Rad8 23. Qa3 b6 24. Rc1 g5 25. Nf1 gxf4 26. Rf3 h5 27. Rh3 Qg5
28. Qf3 h4 29. dxc5 Bxe5 30. c6 Rf7 31. Kh1 Rc7 32. Qf2 Bf6 33. Nd2 Kg8 34. Nf3
Qg4 35. Nxh4 Rh7 36. c7 Rc8 37. Qe1 Re7 38. Qd2 Re5 39. Nf3 Ree8 40. Qxd5+ Kg7
41. Qd7+ Be7 42. Nd4 Qg6 43. Nxf5+ Kg8 44. Nxe7+ Rxe7 45. Qxc8+ Kf7 46. Rh8 Qe4
47. Qf8+ 1-0

[Event "Madrid 2023-2024ch - Previa A"]
[Site "Madrid ESP"]
[Date "2024.02.06"]
[Round "1.14"]
[White "Ortega Molina, Tomas"]
[Black "Arevillca Colque, Jonatan"]
[Result "0-1"]
[WhiteElo "1538"]
[BlackElo "1835"]
[PlyCount "134"]
[EventDate "2024.02.05"]
[EventType "swiss"]
[EventRounds "9"]
[EventCountry "ESP"]
[SourceTitle "Ajedrez en Madrid"]
[Source "lmi"]
[SourceDate "2024.02.06"]
[SourceVersion "1"]
[SourceVersionDate "2024.03.02"]
[SourceQuality "1"]

1. d4 d5 2. c4 e6 3. Nc3 Nf6 4. Bg5 Be7 5. e3 O-O 6. Nf3 h6 7. Bh4 b6 8. cxd5
exd5 9. Be2 Bb7 10. O-O Nbd7 11. Qc2 a6 12. Rac1 Rc8 13. Bg3 Ne4 14. Nxe4 dxe4
15. Nd2 c5 16. Qb1 cxd4 17. Rxc8 Qxc8 18. Rc1 Qa8 19. Rc7 Rd8 20. Bg4 dxe3 21.
fxe3 Bg5 22. Nf1 Nf6 23. h4 Nxg4 24. hxg5 hxg5 25. Qc2 Nf6 26. Qb3 Nd5 27. Rc1
a5 28. a4 Nb4 29. Rc7 Bd5 30. Qc3 Be6 31. Qe5 Qd5 32. Qxd5 Rxd5 33. Be1 Nd3 34.
Bc3 Nc5 35. Ng3 Rd1+ 36. Kh2 Bd7 37. Nh5 f6 38. Ra7 Kh7 39. Bd4 Kg6 40. Ng3 Bc6
41. Bxc5 bxc5 42. Rxa5 Rc1 43. Ra6 Bd5 44. a5 Bc4 45. Rb6 Bd3 46. b4 cxb4 47.
Rxb4 Ra1 48. Nxe4 Rxa5 49. Nf2 Bf5 50. e4 Be6 51. Rb6 Re5 52. Kg3 f5 53. exf5+
Kxf5 54. Ng4 Re4 55. Rb5+ Kg6 56. Ne5+ Kf6 57. Nf3 Bf5 58. Rb6+ Re6 59. Rxe6+
Bxe6 60. Nd4 g6 61. Nxe6 Kxe6 62. Kg4 Kf6 63. g3 Kf7 64. Kxg5 Kg7 65. g4 Kf7
66. Kh6 Kf6 67. g5+ Kf5 0-1

[Event "Madrid 2023-2024ch - Previa A"]
[Site "Madrid ESP"]
[Date "2024.02.06"]
[Round "1.15"]
[White "Marcos Herrero, Francisco"]
[Black "Pinto Fernandez, Silvio"]
[Result "1-0"]
[WhiteElo "1828"]
[BlackElo "1530"]
[PlyCount "69"]
[EventDate "2024.02.05"]
[EventType "swiss"]
[EventRounds "9"]
[EventCountry "ESP"]
[SourceTitle "Ajedrez en Madrid"]
[Source "lmi"]
[SourceDate "2024.02.06"]
[SourceVersion "1"]
[SourceVersionDate "2024.03.02"]
[SourceQuality "1"]

1. c4 c5 2. g3 Nf6 3. Bg2 e6 4. Nf3 Be7 5. O-O O-O 6. Nc3 d6 7. d4 cxd4 8. Nxd4
Nbd7 9. Ndb5 Ne5 10. b3 a6 11. Nd4 Rb8 12. h3 Qc7 13. Bb2 h6 14. Rc1 b6 15. f4
Ng6 16. e4 Bb7 17. Kh2 Nd7 18. f5 exf5 19. Nxf5 Nf6 20. Nd5 Bxd5 21. cxd5 Qd7
22. Nxh6+ Kh7 23. Nf5 Ne5 24. Qd2 Ne8 25. Rc2 Bf6 26. Rfc1 Rh8 27. Bxe5 Bxe5
28. Qf2 g6 29. Nd4 Kg7 30. Nc6 Nf6 31. Nxb8 Rxb8 32. Rc7 Qb5 33. Bf1 Qb4 34.
R1c4 Qa3 35. Ra4 1-0

[Event "Madrid 2023-2024ch - Previa A"]
[Site "Madrid ESP"]
[Date "2024.02.06"]
[Round "1.16"]
[White "De Frutos Illana, Sergio"]
[Black "Toledo Aguirre, Gonzalo"]
[Result "0-1"]
[WhiteElo "1523"]
[BlackElo "1824"]
[PlyCount "46"]
[EventDate "2024.02.05"]
[EventType "swiss"]
[EventRounds "9"]
[EventCountry "ESP"]
[SourceTitle "Ajedrez en Madrid"]
[Source "lmi"]
[SourceDate "2024.02.06"]
[SourceVersion "1"]
[SourceVersionDate "2024.03.02"]
[SourceQuality "1"]

1. e4 e6 2. d4 d5 3. exd5 exd5 4. Nc3 Nf6 5. Bg5 Be7 6. Qe2 O-O 7. O-O-O Re8 8.
h3 Nbd7 9. g4 c6 10. f4 b5 11. Nf3 b4 12. Nb1 Qa5 13. Ne5 Nxe5 14. dxe5 Ne4 15.
Qe3 Bc5 16. Rd4 Qb6 17. c3 bxc3 18. bxc3 Rb8 19. Bd3 Qb2+ 20. Kd1 Nf2+ 21. Ke1
Nxd3+ 22. Qxd3 Bxd4 23. Rh2 Qxb1+ 0-1

[Event "Madrid 2023-2024ch - Previa A"]
[Site "Madrid ESP"]
[Date "2024.02.06"]
[Round "1.17"]
[White "Calderon Rojo, Borja"]
[Black "Diaz Begonte, Manuel"]
[Result "1-0"]
[WhiteElo "1815"]
[BlackElo "1509"]
[PlyCount "63"]
[EventDate "2024.02.05"]
[EventType "swiss"]
[EventRounds "9"]
[EventCountry "ESP"]
[SourceTitle "Ajedrez en Madrid"]
[Source "lmi"]
[SourceDate "2024.02.06"]
[SourceVersion "1"]
[SourceVersionDate "2024.03.02"]
[SourceQuality "1"]

1. e4 d5 2. Nc3 dxe4 3. Nxe4 Bf5 4. Ng3 Bg6 5. Nf3 e6 6. d4 Bd6 7. Bd3 Ne7 8.
c3 c6 9. Be3 Qc7 10. O-O Nd7 11. c4 Nf6 12. Qc2 Bxd3 13. Qxd3 Ng6 14. Ne4 Nxe4
15. Qxe4 O-O 16. g3 b6 17. Rfd1 Rad8 18. Rac1 c5 19. b3 h6 20. Rd2 cxd4 21.
Bxd4 Bc5 22. Rcd1 Bxd4 23. Rxd4 Rxd4 24. Qxd4 Rc8 25. h4 Ne7 26. Qd7 Nf5 27. g4
Ne7 28. Kf1 Nc6 29. g5 hxg5 30. Nxg5 Ne5 31. Qxc7 Rxc7 32. Rd8# 1-0

[Event "Madrid 2023-2024ch - Previa A"]
[Site "Madrid ESP"]
[Date "2024.02.06"]
[Round "1.18"]
[White "Sanchez Liso, Juan A"]
[Black "Ramirez Bulnes, Joaquin"]
[Result "1-0"]
[WhiteElo "1507"]
[BlackElo "1806"]
[PlyCount "55"]
[EventDate "2024.02.05"]
[EventType "swiss"]
[EventRounds "9"]
[EventCountry "ESP"]
[SourceTitle "Ajedrez en Madrid"]
[Source "lmi"]
[SourceDate "2024.02.06"]
[SourceVersion "1"]
[SourceVersionDate "2024.03.02"]
[SourceQuality "1"]

1. d4 d5 2. Bf4 c6 3. e3 Nf6 4. Nf3 Bg4 5. h3 Bh5 6. g4 Bg6 7. Ne5 e6 8. h4 h6
9. Nxg6 fxg6 10. Bd3 Kf7 11. Qf3 Nbd7 12. Nd2 Qa5 13. g5 hxg5 14. hxg5 Rxh1+
15. Qxh1 Bb4 16. c3 Bxc3 17. bxc3 Qxc3 18. Ke2 Nh5 19. Bg3 Rh8 20. Qf3+ Ndf6
21. Rg1 Ke7 22. gxf6+ Nxf6 23. Be5 Rf8 24. Qg3 Ne8 25. Bxg6 Qb4 26. Rb1 Qa5 27.
Rxb7+ Kd8 28. Bf6+ 1-0

[Event "Madrid 2023-2024ch - Previa A"]
[Site "Madrid ESP"]
[Date "2024.02.06"]
[Round "1.19"]
[White "Garcia Galeote, Lorenzo"]
[Black "Urosa Sanchez, Pablo"]
[Result "1-0"]
[WhiteElo "1801"]
[BlackElo "1502"]
[PlyCount "75"]
[EventDate "2024.02.05"]
[EventType "swiss"]
[EventRounds "9"]
[EventCountry "ESP"]
[SourceTitle "Ajedrez en Madrid"]
[Source "lmi"]
[SourceDate "2024.02.06"]
[SourceVersion "1"]
[SourceVersionDate "2024.03.02"]
[SourceQuality "1"]

1. d4 d5 2. c4 e6 3. Nc3 Nf6 4. Bg5 Be7 5. cxd5 exd5 6. e3 c6 7. Bd3 O-O 8. Qc2
Nbd7 9. Nf3 Re8 10. O-O Nf8 11. Rab1 a5 12. a3 Ng6 13. b4 axb4 14. axb4 Ne4 15.
Bxe7 Qxe7 16. Bxe4 dxe4 17. Nd2 f5 18. b5 cxb5 19. Nxb5 Be6 20. Qc7 Ra2 21.
Qxe7 Rxe7 22. Rfd1 Rd7 23. Nb3 Bxb3 24. Rxb3 Ne5 25. Nc3 Rc2 26. Rdb1 Nd3 27.
Nd1 Rdc7 28. g4 g6 29. g5 Rd2 30. Kg2 f4 31. exf4 Rcc2 32. Rxb7 Nxf2 33. Rb8+
Kf7 34. R8b7+ Ke6 35. R1b6+ Kf5 36. Rf7+ Kg4 37. Ne3+ Kh4 38. Rxh7# 1-0

[Event "Madrid 2023-2024ch - Previa A"]
[Site "Madrid ESP"]
[Date "2024.02.06"]
[Round "1.20"]
[White "Mejias Gonzalez, Pedro"]
[Black "Vukotic Jovsic, Dragan"]
[Result "1-0"]
[WhiteElo "1500"]
[BlackElo "1800"]
[PlyCount "119"]
[EventDate "2024.02.05"]
[EventType "swiss"]
[EventRounds "9"]
[EventCountry "ESP"]
[SourceTitle "Ajedrez en Madrid"]
[Source "lmi"]
[SourceDate "2024.02.06"]
[SourceVersion "1"]
[SourceVersionDate "2024.03.02"]
[SourceQuality "1"]

1. b3 e5 2. Bb2 Nc6 3. d3 d5 4. Nf3 Bb4+ 5. c3 Bd6 6. Nbd2 Nf6 7. e4 O-O 8. Be2
dxe4 9. Nxe4 Nxe4 10. dxe4 Qe7 11. O-O f5 12. Bc4+ Be6 13. Bd5 Nd8 14. c4 c6
15. Bxe6+ Qxe6 16. exf5 Rxf5 17. Re1 Nf7 18. Nd4 Qg6 19. Nxf5 Qxf5 20. Qf3 Qc2
21. Re2 Qg6 22. Qe4 Qh5 23. Rae1 Rf8 24. Qf3 Qxf3 25. gxf3 Ng5 26. Kg2 Nxf3 27.
Rd1 Bb8 28. Rd7 b6 29. Re7 Nh4+ 30. Kh1 Rd8 31. Re1 Nf3 32. Rf1 a6 33. Kg2 Nh4+
34. Kh3 Ng6 35. Rb7 b5 36. Kg4 Rf8 37. Rd1 Nf4 38. Rdd7 Ne6 39. Re7 h5+ 40. Kg3
e4+ 41. Kg2 Nf4+ 42. Kf1 Rd8 43. Rxg7+ Kf8 44. Rgf7+ Kg8 45. Rfd7 Rxd7 46. Rxd7
Nd3 47. Rd8+ Kf7 48. Rxb8 Nxb2 49. Ra8 bxc4 50. bxc4 Nxc4 51. Rxa6 Ne5 52. a4
Ke6 53. a5 Kd5 54. Ra8 Kc5 55. Rh8 Nd3 56. Rxh5+ Kd6 57. a6 Kc7 58. Rh7+ Kb8
59. Re7 Nc5 60. h4 1-0

[Event "Madrid 2023-2024ch - Previa A"]
[Site "Madrid ESP"]
[Date "2024.02.06"]
[Round "1.21"]
[White "Marin Lopez, Jeronimo"]
[Black "Martinez Miura, Enrique"]
[Result "1-0"]
[WhiteElo "1797"]
[BlackElo "1495"]
[PlyCount "49"]
[EventDate "2024.02.05"]
[EventType "swiss"]
[EventRounds "9"]
[EventCountry "ESP"]
[SourceTitle "Ajedrez en Madrid"]
[Source "lmi"]
[SourceDate "2024.02.06"]
[SourceVersion "1"]
[SourceVersionDate "2024.03.02"]
[SourceQuality "1"]

1. e4 e6 2. d4 d5 3. Nc3 dxe4 4. Nxe4 Nd7 5. Bd3 Be7 6. Nf3 Ngf6 7. Nxf6+ Nxf6
8. Ne5 O-O 9. O-O c5 10. dxc5 Bxc5 11. Qf3 Qd5 12. Qg3 Bd4 13. Re1 Kh8 14. c3
Bxe5 15. Rxe5 Qd6 16. Bf4 Qb6 17. Rb5 Qd8 18. Rg5 Rg8 19. Bc2 Bd7 20. Rd1 Qe7
21. Bd6 Qe8 22. Be5 Qe7 23. Bxf6 gxf6 24. Rxg8+ Rxg8 25. Qd3 1-0